[Event "Hong Kong Jolimark op"]
[Site "Hong Kong"]
[Date "2018.12.25"]
[Round "7"]
[White "Cheah, Cheok Fung"]
[Black "Shih, Lu Chung"]
[Result "1-0"]
[WhiteElo "1928"]
[BlackElo "1497"]
[PlyCount "99"]
[EventDate "2018.12.22"]
[EventType "swiss"]
[EventRounds "9"]
[EventCountry "HKG"]
[SourceTitle "CBM 188 Extra"]
[Source "ChessBase"]
[SourceDate "2019.02.26"]
[SourceVersion "1"]
[SourceVersionDate "2019.02.26"]
[SourceQuality "1"]

1. d4 Nf6 2. c4 e6 3. Nc3 Bb4 4. e3 0-0 5. Nge2 c6 6. a3 Ba5 7. b4 Bc7 8. e4 d5 9. e5 Ne8 10. Ng1 f6 11. Nf3 fxe5 12. dxe5 Qe7 13. Bd3 Nd7 14. Qe2 b5 15. cxb5 c5 16. bxc5 Ba5 17. Bd2 Nxc5 18. Bc2 a6 19. Nd4 Qh4 20. Nc6 Bb6 21. 0-0 Bb7 22. g3 Qh3 23. Nd4 Nc7 24. a4 Nd7 25. Qe3 Qg4 26. f4 Rac8 27. Bd3 Nc5 28. a5 Ba7 29. b6 Nxd3 30. Qxd3 Bb8 31. bxc7 Ba7 32. Be3 Qh3 33. Na4 Rxc7 34. Rab1 Rfc8 35. Nb6 Bxb6 36. axb6 Rc3 37. Qd2 a5 38. Rfc1 R3c4 39. Qxa5 Ra8 40. Qd2 Rca4 41. Qg2 Qh5 42. g4 Qg6 43. f5 exf5 44. gxf5 Qe8 45. f6 g6 46. e6 Kh8 47. f7 Qe7 48. Bg5 Qxg5 49. Qxg5 Rxd4 50. Qe5# 1-0

[Event "Hong Kong Jolimark op"]
[Site "Hong Kong"]
[Date "2018.12.24"]
[Round "5"]
[White "Cheah, Cheok Fung"]
[Black "Kwong, Wing Ki"]
[Result "0-1"]
[WhiteElo "1928"]
[BlackElo "1646"]
[PlyCount "127"]
[EventDate "2018.12.22"]
[EventType "swiss"]
[EventRounds "9"]
[EventCountry "HKG"]
[SourceTitle "CBM 188 Extra"]
[Source "ChessBase"]
[SourceDate "2019.02.26"]
[SourceVersion "1"]
[SourceVersionDate "2019.02.26"]
[SourceQuality "1"]

1. d4 Nf6 2. c4 e6 3. Nc3 Bb4 4. e3 0-0 5. Nge2 Re8 6. a3 Bf8 7. Ng3 b6 8. Be2 Bb7 9. 0-0 d5 10. f3 c5 11. Kh1 cxd4 12. exd4 Nc6 13. Be3 Qd7 14. Qd2 Na5 15. cxd5 Nxd5 16. Rad1 Nb3 17. Qd3 a5 18. Nxd5 Bxd5 19. Qb5 Qc7 20. a4 Qc2 21. Rb1 Reb8 22. Bd3 Qc6 23. Ne4 Bb4 24. Rf2 Rc8 25. Ng5 h6 26. Ne4 Qxb5 27. Bxb5 f5 28. Nd2 Bxd2 29. Bxd2 Nxd4 30. Be3 Nxb5 31. axb5 Rab8 32. Bd4 Rc4 33. Rd2 Kf7 34. h4 g5 35. h5 Ke7 36. Kg1 a4 37. Re1 Kd7 38. Bg7 Rg8 39. Be5 g4 40. f4 Rgc8 41. Kf2 Rb4 42. Kg3 Rxb5 43. Kh4 Rb4 44. Rf1 Ke7 45. Bg7 Kf7 46. Bxh6 b5 47. Bg5 Rbc4 48. h6 Kg6 49. Re1 Rc1 50. Rxc1 Rxc1 51. Be7 Kxh6 52. Bb4 Rc4 53. Bd6 Kg6 54. Kg3 b4 55. Kf2 Kh5 56. g3 Kg6 57. Ke3 Re4+ 58. Kd3 Bc4+ 59. Kc2 b3+ 60. Kc3 Ba6 61. Be5 Rc4+ 62. Kd3 Rxf4+ 63. Kc3 Rc4+ 64. Kd3 0-1

[Event "Kuala Lumpur op 10th"]
[Site "Kuala Lumpur"]
[Date "2013.08.10"]
[Round "1"]
[White "Dimakiling, Oliver"]
[Black "Cheah, Cheok Fung"]
[Result "1-0"]
[WhiteElo "2369"]
[BlackElo "2014"]
[PlyCount "49"]
[EventDate "2013.08.10"]
[EventType "swiss"]
[EventRounds "9"]
[EventCountry "MAS"]
[SourceTitle "CBM 156 Extra"]
[Source "ChessBase"]
[SourceDate "2013.10.22"]
[SourceVersion "1"]
[SourceVersionDate "2013.10.22"]
[SourceQuality "1"]

1. c4 e5 2. g3 Nc6 3. Bg2 g6 4. Nc3 Bg7 5. e3 d6 6. Nge2 Nge7 7. d3 Be6 8. Nd5 Qd7 9. Rb1 Nd8 10. 0-0 Nc8 11. e4 h6 12. f4 c6 13. Ne3 exf4 14. Nxf4 0-0 15. b4 a5 16. d4 d5 17. cxd5 cxd5 18. b5 Re8 19. Nfxd5 Bxd5 20. Nxd5 Nb6 21. Nf6+ Bxf6 22. Rxf6 Ne6 23. d5 Qe7 24. Bb2 Red8 25. Qc1 1-0

[Event "Kuala Lumpur op 8th"]
[Site "Kuala Lumpur"]
[Date "2011.08.20"]
[Round "5"]
[White "Cheah, Cheok Fung"]
[Black "Olay, Edgar Reggie"]
[Result "1/2-1/2"]
[WhiteElo "2008"]
[BlackElo "2303"]
[PlyCount "40"]
[EventDate "2011.08.18"]
[EventType "swiss"]
[EventRounds "9"]
[EventCountry "MAS"]
[SourceTitle "CBM 144 Extra"]
[Source "ChessBase"]
[SourceDate "2011.10.28"]
[SourceVersion "1"]
[SourceVersionDate "2011.10.28"]
[SourceQuality "1"]

1. Nf3 d5 2. d4 c6 3. c4 e6 4. e3 f5 5. Bd3 Nf6 6. 0-0 Bd6 7. b3 0-0 8. Ba3 Bxa3 9. Nxa3 Ne4 10. Nd2 Nxd2 11. Qxd2 Nd7 12. Qc3 Nf6 13. c5 Bd7 14. Nc2 Be8 15. b4 Qe7 16. a4 g5 17. b5 Ne4 18. Bxe4 fxe4 19. bxc6 bxc6 20. a5 Bh5 1/2-1/2

[Event "Kuala Lumpur op 8th"]
[Site "Kuala Lumpur"]
[Date "2011.08.20"]
[Round "4"]
[White "Loh, Zachary"]
[Black "Cheah, Cheok Fung"]
[Result "0-1"]
[WhiteElo "1769"]
[BlackElo "2008"]
[PlyCount "104"]
[EventDate "2011.08.18"]
[EventType "swiss"]
[EventRounds "9"]
[EventCountry "MAS"]
[SourceTitle "CBM 144 Extra"]
[Source "ChessBase"]
[SourceDate "2011.10.28"]
[SourceVersion "1"]
[SourceVersionDate "2011.10.28"]
[SourceQuality "1"]

1. d4 Nf6 2. c4 e6 3. Nf3 Bb4+ 4. Bd2 Qe7 5. a3 Bxd2+ 6. Qxd2 0-0 7. Nc3 d6 8. e4 e5 9. d5 a5 10. Bd3 Bg4 11. h3 Bxf3 12. gxf3 Nh5 13. Bc2 Qf6 14. 0-0-0 Qxf3 15. Rdg1 Qf4 16. Rg4 Qxd2+ 17. Kxd2 Nf4 18. h4 h6 19. Ne2 Nxe2 20. Kxe2 g6 21. Bd1 Nd7 22. Ke3 Kh7 23. h5 Nf6 24. Rgg1 Rg8 25. hxg6+ fxg6 26. Bg4 Rgf8 27. Rh2 Ra6 28. Bd1 Rb6 29. b3 Ng8 30. Rhg2 Ne7 31. Kd2 Rf4 32. f3 g5 33. Rh2 Ng6 34. Rxg5 Rh4 35. Rxh4 Nxh4 36. Rh5 Ng6 37. Rf5 Kg7 38. Ke3 Nf4 39. Bc2 Ra6 40. c5 Ra8 41. Bd3 Kg6 42. Bf1 Nxd5+ 43. Kf2 Ne7 44. Bh3 Nxf5 45. Bxf5+ Kg5 46. cxd6 cxd6 47. Ke3 Rf8 48. Bh3 Kh4 49. Bf5 Kg3 50. Kd3 h5 51. Kc4 h4 52. Kd5 Rf6 0-1

[Event "Kuala Lumpur op 8th"]
[Site "Kuala Lumpur"]
[Date "2011.08.19"]
[Round "3"]
[White "Cheah, Cheok Fung"]
[Black "Muminova, Nafisa"]
[Result "0-1"]
[WhiteElo "2008"]
[BlackElo "2319"]
[PlyCount "80"]
[EventDate "2011.08.18"]
[EventType "swiss"]
[EventRounds "9"]
[EventCountry "MAS"]
[SourceTitle "CBM 144 Extra"]
[Source "ChessBase"]
[SourceDate "2011.10.28"]
[SourceVersion "1"]
[SourceVersionDate "2011.10.28"]
[SourceQuality "1"]

1. Nf3 Nf6 2. d4 e6 3. c4 d5 4. g3 dxc4 5. Qa4+ c6 6. Qxc4 b5 7. Qc2 Bb7 8. Bg2 Nbd7 9. 0-0 Rc8 10. Qb3 a6 11. a4 b4 12. Bg5 c5 13. dxc5 Bxc5 14. Nbd2 h6 15. Be3 Be7 16. Rac1 0-0 17. Rfd1 Ng4 18. Nc4 Bd5 19. Nfd2 Nc5 20. Bxc5 Bxc5 21. e3 Qe7 22. h3 Nf6 23. e4 Ba8 24. e5 Nd5 25. Ne4 Ba7 26. Ned6 Rc7 27. Rc2 f6 28. exf6 Qxf6 29. Ne4 Qg6 30. Ne5 Qh5 31. Rxc7 Nxc7 32. Nd7 Rf7 33. g4 Qa5 34. Qd3 Bxe4 35. Bxe4 Rxf2 36. Kh1 Nd5 37. Ne5 Qc7 38. Bh7+ Kh8 39. Ng6+ Kxh7 40. Ne7+ Kh8 0-1